00701nam a2200229 a 4500001001300000003000900013005001700022008004100039020001000080082002000090100002100110245009800131260002300229300000800252500003500260650002200295700002100317902000800338942000700346952010100353999001700454nice12345678IN_TiNIC20260116014237.0070312s2000 dela grd 000 0 eng  ac10000a324.245408bKAN aKanungo, Pralaya aHistory of Rashtriya Swayam Sevak Sangh (RSS), Civil Society and Stateb Lessons from Gujarat aDelhibAnhadc2000 a00p aincludes index and biblioraphy aCommunalism-India1 aKanungo, Pralaya bSRS cND 00104070aHMIbHMId2010-08-02g100.00l0o324.245408 KANp021407r2010-08-02w2026-01-16yVM c14488d14488